000 00516nam a2200217Ia 4500
003 OSt
005 20221005121448.0
006 a|||||r|||| 00| 0
007 ta
008 221004b |||||||| |||| 00| 0 eng d
024 _a120404
037 _cTextual
040 _aCRL
_cCRL
_beng
041 _2eng
_aeng
100 _aEmsley J W
_9630646
245 0 _aHigh resolution nuclear magnetic essencial
260 _c1966
650 _aPHYSICS
942 _cTEXL
_2cc
999 _c1041220
_d1041220